Jones & Buckle The Civil Practice of the Magistrates' Courts in South Africa / (Record no. 44)
[ view plain ]
| 000 -LEADER | |
|---|---|
| fixed length control field | 00619nam a22001817a 4500 |
| 005 - DATE AND TIME OF INPUT | |
| control field | 20231025084009.0 |
| 008 - DATA ELEMENTS--GENERAL INFORMATION | |
| fixed length control field | 231025b |||||||| |||| 00| 0 eng d |
| 020 ## - INTERNATIONAL STANDARD BOOK NUMBER | |
| International Standard Book Number | 9780702136504 ; 0702136506 |
| 041 ## - LANGUAGE CODE | |
| Language code of text | English |
| 082 ## - SHELF NUMBER | |
| DDC number | 34701 JON |
| 100 ## - MAIN AUTHOR | |
| Main author's name | Erasmus HJ and van Loggerenberg DE |
| Language of a work | English |
| 245 ## - TITLE STATEMENT | |
| Title | Jones & Buckle The Civil Practice of the Magistrates' Courts in South Africa / |
| Statement of responsibility, etc. | HJ Erasmus and DE van Loggerenberg |
| 250 ## - EDITION STATEMENT | |
| Edition statement | Ninth Edition |
| 260 ## - PUBLICATION, DISTRIBUTION, ETC. | |
| Place of publication, distribution, etc. | Cape Town : |
| Name of publisher, distributor, etc. | JUTA Law, |
| Date of publication, distribution, etc. | 1996 |
| 300 ## - PHYSICAL DESCRIPTION | |
| Other physical details | vii, 117 pages |
| Dimensions | 27 cm. |
| 650 ## - SUBJECT` | |
| Broad subject | Legal Practice |
| Own subject terms | Law |
| 942 ## - ADDED ENTRY ELEMENTS (KOHA) | |
| Item type | Books |
| 942 ## - ADDED ENTRY ELEMENTS (KOHA) | |
| -- | ALISON_BN_VRIES |
| Source of classification or shelving scheme | Volume number (bound volume or other part) | Not for loan | Collection code | Home library | Current library | Shelving location | Date acquired | Full call number | Barcode | Price effective from | Koha item type |
|---|---|---|---|---|---|---|---|---|---|---|---|
| Dewey Decimal Classification | Volume 1: The Act | TEXT BOOKS | LAW SOCIETY OF NAMIBIA LIBRARY - WINDHOEK | LAW SOCIETY OF NAMIBIA LIBRARY - WINDHOEK | Civil Procedure and Court | 10/25/2023 | 347.1 JON | LSN/1997/28 | 10/25/2023 | Books | |
| Dewey Decimal Classification | Volume I : The Act | TEXT BOOKS | LAW SOCIETY OF NAMIBIA LIBRARY - WINDHOEK | LAW SOCIETY OF NAMIBIA LIBRARY - WINDHOEK | Civil Procedure and Court | 10/25/2023 | 347.1 JON | LSN/2011/40 | 10/25/2023 | Books | |
| Dewey Decimal Classification | Volume II: The Rules | TEXT BOOKS | LAW SOCIETY OF NAMIBIA LIBRARY - WINDHOEK | LAW SOCIETY OF NAMIBIA LIBRARY - WINDHOEK | Civil Procedure and Court | 10/25/2023 | 347.1 JON | LSN/2011/41 | 10/25/2023 | Books | |
| Dewey Decimal Classification | Volume II: The Rules | TEXT BOOKS | LAW SOCIETY OF NAMIBIA LIBRARY - WINDHOEK | LAW SOCIETY OF NAMIBIA LIBRARY - WINDHOEK | Civil Procedure and Court | 10/25/2023 | 347.1 JON | LSN/1997/29 | 10/25/2023 | Books | |
| Dewey Decimal Classification | Volume II: Rules | TEXT BOOKS | LAW SOCIETY OF NAMIBIA LIBRARY - WINDHOEK | LAW SOCIETY OF NAMIBIA LIBRARY - WINDHOEK | Civil Procedure and Court | 11/20/2024 | 347.1 JON | LSN/2011/71 | 11/20/2024 | Books |
